[Event "Montreal 3rd"]
[Site "Montreal"]
[Date "2002.07.27"]
[Round "3"]
[White "Kotronias, Vasilios"]
[Black "Bluvshtein, Mark"]
[Result "1-0"]
[WhiteElo "2578"]
[BlackElo "2367"]
[Annotator "Psakhis,L"]
[PlyCount "63"]
[EventDate "2002.07.25"]
[EventType "tourn"]
[EventRounds "11"]
[EventCountry "CAN"]
[EventCategory "11"]
[SourceTitle "CBM 091"]
[Source "ChessBase"]
[SourceDate "2002.11.12"]
[SourceVersion "1"]
[SourceVersionDate "2002.11.12"]
[SourceQuality "1"]

1. e4 {Ftacnik} e6 2. d4 d5 3. Nd2 c5 4. Ngf3 cxd4 5. exd5 Qxd5 6. Bc4 Qd6 7.
O-O Nf6 8. Nb3 Nc6 9. Nbxd4 Nxd4 10. Nxd4 a6 (10... Bd7 {went out of fashion
on last years.}) 11. Re1 Bd7 12. c3 Qc7 13. Qe2 Bd6 {Black keeps the
possibility of castling on either side.} 14. Bg5 ({Interesting line is} 14. h3
O-O 15. Bg5 Bh2+ 16. Kh1 Bf4 17. Bxf6 gxf6 18. Bd3 f5 {and Black's bishops
compensate for the weakened king's pawn shield.}) 14... O-O-O {Black takes too
much risk - his queenside lacks protection and to allow White to seize
initiative here.} ({White's task will be more difficult after the brave} 14...
O-O {you can look game Kotronias,V-Nogueiras from the same tournament.}) ({
Too dangerous is} 14... Bxh2+ $2 15. Kh1 {and White's has too many threats: 16.
g3, sacrifices on e6 and Nf5.}) 15. h3 ({After} 15. Nf3 h6 16. Bh4 Bc6 17. Ne5
Bxe5 18. Qxe5 Qxe5 19. Rxe5 g5 20. Bg3 Ne4 {1/2-1/2 Emms,J-Danielian,O/
Cappelle la Grande 1994 (29) black easily got equal game}) 15... h6 16. Be3 Ne4
$146 (16... Kb8 17. a4 Bf4 {looks safer for Black}) (16... e5 17. Nb3 Bc6 {
can be also be recommended.}) 17. a4 e5 {'?!' Ftacnik. This was the main idea
behind Black's last move. Surely he hoped to advance the f-pawn after the
knight's retreat, but the typical and strong white answer changes the
character of the game.} (17... Rhe8 {Ftacnik} 18. Nf3 Nf6 19. a5 Nd5 20. Bxd5
exd5 21. Qd2 $14) 18. Nb5 $1 {[%mdl 640] Ftacnik: 'Grand and impressive piece
sacrifice, despite absent material white will enjoy an advantage due to the
much better piece coordination.'} (18. Nf3 $143 f5 $13) 18... axb5 (18... Qb8 {
Ftacnik} 19. Ba7 Qa8 20. Bb6 $18) 19. axb5 Bf5 (19... Be6 {gives White a clear
advantage after} 20. Bxe6+ fxe6 21. Ra4 $1 Nc5 22. Rc4 {[%cal Rb2b4]}) 20. Ra8+
(20. Bd3 $5 {[%cal Ga1a4] was good enough, but text is stronger.}) 20... Kd7
21. b6 {Black is loosing queen now without good compensation.} Qc6 22. Bb5 Rxa8
23. Bxc6+ bxc6 {Black got the rook and two minor pieces for the queen, but his
king is weak and in addition White's b-pawn is very strong.} 24. Qc4 Bg6 {
Ftacnik: 'The defender can be satisfied on purely material grounds, the rook
and two pieces for a queen is a lot of wood. Unfortunatelly his forces are not
working together in contrast to the white's efficiency.'} 25. Rd1 Rhd8 26. b7
$1 Rab8 27. Qa6 Ke7 28. Qxc6 ({Black would have more chances for survival after
} 28. Ba7 Nc5 $1 29. Qxc6 (29. Qc4 Bd3 $1) 29... Be4 30. Qxd6+ $1 Rxd6 31. Bxc5
Rxb7 32. Rxd6 Ke8 $16) 28... Rd7 29. Rxd6 {Last blow which crushes Black's
last hopes.} Nxd6 $8 (29... Rxd6 $2 30. Qc7+) (29... Rbxb7 30. Rxg6) 30. Bc5
Ke6 ({The pawn is untouchable because of} 30... Rbxb7 31. Bxd6+) 31. Bxd6 Be4
32. Qc5 $1 {Kotronias played all game beyond praise} (32. Qc5 Rxd6 33. Qc8+ $18
) 1-0

[Event "Hoogovens-B"]
[Site "Wijk aan Zee"]
[Date "1999.01.28"]
[Round "8"]
[White "Brodsky, Michail"]
[Black "Glek, Igor Vladimirovich"]
[Result "1/2-1/2"]
[WhiteElo "2530"]
[BlackElo "2566"]
[Annotator "Psakhis,L"]
[PlyCount "76"]
[EventDate "1999.01.19"]
[EventType "tourn"]
[EventRounds "11"]
[EventCountry "NED"]
[EventCategory "11"]
[SourceTitle "CBM 069"]
[Source "ChessBase"]
[SourceDate "1999.04.01"]
[SourceVersion "1"]
[SourceVersionDate "1999.04.01"]
[SourceQuality "1"]

1. e4 e6 2. d4 d5 3. Nd2 c5 4. exd5 Qxd5 5. Ngf3 cxd4 6. Bc4 Qd6 7. O-O Nf6 8.
Nb3 Nc6 9. Nbxd4 Nxd4 10. Nxd4 a6 11. Bb3 Qc7 12. Re1 Bd6 13. Nf5 Bxh2+ 14. Kh1
O-O $1 ({In the late 80s black ussualy continue} 14... Kf8 $6 {and after} 15.
g3 exf5 16. Bf4 Qc6+ 17. Kxh2 Be6 {white could choose between initiative in
middlegame-} 18. Bd6+ ({or nice ending} 18. Qd6+ Qxd6 19. Bxd6+ Ke8 20. Rad1
$14) 18... Ke8 19. c4 Rd8 20. c5 b5 21. Bxe6 fxe6 22. Qb3 Kf7 23. Rxe6 $16 {
1-0 Gallagher,J-Kelecevic,N/Winterthur-A 1996 (30)}) 15. Nxg7 Rd8 $1 16. Qf3
Kxg7 17. Bh6+ Kg6 18. c3 $5 (18. c4 Nh5 $1 19. Be3 f5 20. g4 Nf6 21. gxf5+ exf5
22. Qg2+ Ng4 23. f3 Bd7 $1 24. Bc2 Bg3 25. Qh3 Nxe3 26. Rxe3 Qf4 $132 {1/2-1/2
Zifroni,D-Peker,O/ISR t-ch 1996 (49)}) 18... Nh5 $1 {Much stronger then} (18...
Nd5 $2 19. Rad1 f5 20. Bc1 $1 Bd6 21. Bxd5 exd5 22. Rxd5 {with winning attack}
Bd7 23. Qh3 Bf8 24. Re3 Kg7 25. Rg3+ Kh8 26. Qh4 Be6 27. Bf4 Be7 28. Bxc7 {
1-0 Adams,M-Dreev,A/Wijk aan Zee A 1996 (28)}) 19. Bc1 {More or less
obligatory move, white have not enough compensation for the piece after} (19.
Re4 Kxh6 20. Rh4 Qe5 $5 21. Rxh2 Bd7) 19... Bf4 $1 20. g4 Ng3+ $1 21. fxg3 Bxc1
(21... Bxg3 $4 22. Bc2+ f5 (22... Kg7 23. Bh6+ Kg8 24. Qf6 $18) 23. gxf5+ $18 {
ץg3, Kg6}) 22. Raxc1 b6 $1 {[%csl Gc5] It is very important to control c5
square, after} (22... Bd7 23. Qe3 $1 $36 {>> white,s attack not easy to
repulse, for example} Bc6+ 24. Kh2 {/\ Bc2, Qg5} Qe7 (24... h6 $5 25. Bc2+ $140
Kg7 26. g5 h5 {/\ h4<=>}) 25. Rf1 $1 Rd7 (25... h6 26. Rf5 Rd7 27. Rh5 Rh8 28.
Rf1 Qd8 29. Kg1 {/\ Bc2, g5}) 26. Rf2 $1 $16 {Supper-Wolna/corr 1996}) 23. Bc2+
(23. Qe3 Bb7+ 24. Kh2 Qc5 $1) 23... Kg7 24. Be4 Ra7 (24... Rb8 25. Rf1 Qe7 $11
{Bowden,K-Levitt,J/England 1997}) 25. Rc2 Bb7 (25... Qe5 26. Rh2 h6 27. Rh5 f5
28. Qf2 Rf7 29. Bg2 $14 {1/2-1/2 Hermansson,E-Barsov,A/Oxford GM-B 1998 (29)})
26. Rh2 (26. Rf2 Bxe4 27. Rxe4 Qe7 28. Re5 Qb7 29. Re4 Qe7 30. Re5 Qb7 31. Re4
Qe7 {1/2-1/2 Rogovoi,M-Biriukov,O/St.Petersburg Chigorin 1998 (31)}) 26... Bxe4
27. Qxe4 Qb7 $1 {Key move! After queen,s exchange Black have no troubles in
ending.} 28. Rxh7+ Kg8 29. Qxb7 Rxb7 30. Rh2 Rd3 31. Kg2 Rd2+ (31... Rbd7 32.
Re2 b5 33. Rh1 Rd2 34. Kf2 R7d3 35. Rhe1 Kg7 36. Rxd2 Rxd2+ 37. Re2 Rd3 38. Re3
Rd2+ 39. Re2 Rd3 $11 {1/2-1/2 McShane,L-Levitt,J/BCF t-ch 1998 (56)}) 32. Kh3
Rxh2+ 33. Kxh2 Rd7 34. Re2 Kg7 35. Kh3 b5 36. b3 Rc7 37. Re3 (37. Rc2 Kg6 38.
Kh4 Rc5 39. c4 e5 $11) 37... Kf6 38. Rf3+ Kg5 1/2-1/2

[Event "Poikovsky Karpov 02nd"]
[Site "Poikovsky"]
[Date "2001.05.08"]
[Round "8"]
[White "Rublevsky, Sergei"]
[Black "Morovic Fernandez, Ivan"]
[Result "1-0"]
[WhiteElo "2657"]
[BlackElo "2565"]
[Annotator "Psakhis,L"]
[PlyCount "55"]
[EventDate "2001.05.05"]
[EventType "tourn"]
[EventRounds "9"]
[EventCountry "RUS"]
[EventCategory "15"]
[SourceTitle "CBM 084"]
[Source "ChessBase"]
[SourceDate "2001.09.13"]
[SourceVersion "1"]
[SourceVersionDate "2001.09.13"]
[SourceQuality "1"]

1. e4 e6 2. d4 d5 3. Nd2 c5 4. Ngf3 cxd4 5. exd5 Qxd5 6. Bc4 Qd6 7. O-O Nf6 8.
Nb3 Nc6 9. Nbxd4 Nxd4 10. Nxd4 a6 11. Bb3 Qc7 12. Qf3 Bd6 13. Kh1 $5 {[%mdl 4]
Fresh and interesting idea.} ({Normal continuation in this position is} 13. h3
O-O 14. Bg5 Nd7 15. c3 Ne5 16. Qh5 Ng6 17. Be3 Bh2+ 18. Kh1 Bf4 19. Nf3 Bxe3
20. fxe3 h6 21. Rad1 Bd7 $11 {1-0 Asrian,K-Harikrishna,P/Wch B20 Yerevan 2000/
(79) with more or less equal chances.Rublevsky prefers to see on h3 not pawn,
but queen or rook.}) 13... O-O 14. Bg5 ({After} 14. c3 $6 b5 $1 $11 {equalize
easily.}) 14... Nd7 15. c3 Ne5 ({In the case of} 15... b5 $2 16. Rad1 Nc5 17.
Bc2 Bb7 18. Qh3 $1 {looks good enough for white.}) 16. Qh5 (16. Qe4 $2 b5 $1)
16... Ng6 17. Bc2 ({Worth considering} 17. Rad1 $5 Bf4 $1 (17... h6 $2 18. Nxe6
$18) (17... Qc5 $6 18. Qg4 $1 $16) (17... b5 18. Bc2 {/\ f4}) 18. g3 $5 Bxg5
19. Qxg5 b5 20. f4 Bb7+ 21. Kg1 $13 {[%cal Gf4f5,Gb3f7,Gf1f7] and White can
get serious initiative, if he will manage to play f5 quickly.}) 17... b6 $146 {
Just this move is a new one, but, maybe, not the best.} (17... Qc5 18. Qg4 (18.
Nb3 $1) 18... Bd7 19. Rad1 Qc7 20. Rfe1 Rae8 21. Qh5 Bf4 22. Bxf4 Qxf4 23. Kg1
Rd8 24. Qa5 Bc8 25. Nf3 Rxd1 26. Rxd1 $14 {Svidler,P-Ionov,S/St.Petersburg-ch
1996/1-0 (61)}) ({Black could try} 17... h6 $5 {and after} 18. Be3 $5 (18. Nf3
b5 19. Rad1 Bf4 20. Bxf4 Nxf4 21. Qe5 Qxe5 22. Nxe5 Bb7 23. f3 Rfd8 24. Kg1
Rac8 $11 {Ivanchuk,V-Anand,V/Reggio Emilia 1991/ /1/2-1/2 (44)}) 18... Nf4 19.
Qf3 (19. Qh4 Bd7 $1 $11 (19... Nd5 $5 20. Bd2 (20. Bxh6 gxh6 21. Qxh6 f6 $1)
20... Bf4 $11)) 19... Rb8 20. Rad1 Nd5 $5 {with chances for equalization.} (
20... Bd7 21. Bxf4 Bxf4 22. Ne2 $1) (20... b5 $6 21. Nc6 Bb7 22. Bxf4 Bxf4 23.
Qd3 g6 24. Nxb8 Rxb8 25. Rfe1 $16 {Rogic,D-Kruppa,Y/EUR-ch Ohrid 2001/ /1/2-1/
2 (62)})) 18. Rae1 {[%cal Re1e3,Re3h3] Simple and strong.Black can't allow
rooks lift to h3.} Bb7 (18... h6 $5) 19. Re3 Qc5 20. Qg4 {[%cal Ge3h3]} Be7 $2
{Lose quickly, but Black any case needs good advice.} ({Unfortunately (
forBlack!) doesn't work} 20... h5 21. Qxh5 $1 Bxg2+ $1 {because of cold} 22.
Kg1 $1 (22. Kxg2 Nf4+ 23. Bxf4 Qxh5 24. Bxd6 Qd5+ $19) 22... Bxf1 23. Kxf1 {
and white wins in few moves, for example} Rae8 24. Rh3 f5 25. Qh7+ Kf7 26. Nxf5
$1 exf5 27. Bb3+ $18) 21. Nxe6 $1 {Decisive blow!} fxe6 22. Qxe6+ Rf7 (22...
Kh8 {maybe was better alternative, but ending, which could be raised after} 23.
Bxe7 Bxg2+ $1 (23... Nxe7 24. Qxe7 $18) 24. Kxg2 Nf4+ 25. Kg1 Nxe6 26. Bxc5
Nxc5 27. Rfe1 $18 {doesn't promise black too many chances for survival.}) 23.
Bxg6 hxg6 24. Bxe7 $18 {Rest is simple} Qb5 (24... Qd5 25. Qxd5 (25. Qxg6 Rxf2
$1) 25... Bxd5 26. b3) 25. c4 $1 Qxb2 (25... Qf5 $142) 26. Qd7 {[%csl Rb7]} Rb8
27. Qc7 Re8 28. Qxb7 1-0

[Event "North Sea Cup 17th"]
[Site "Esbjerg"]
[Date "2002.07.12"]
[Round "8"]
[White "Tiviakov, Sergei"]
[Black "Glek, Igor Vladimirovich"]
[Result "1/2-1/2"]
[WhiteElo "2628"]
[BlackElo "2590"]
[Annotator "Psakhis,L"]
[PlyCount "60"]
[EventDate "2002.07.05"]
[EventType "tourn"]
[EventRounds "9"]
[EventCountry "DEN"]
[EventCategory "14"]
[SourceTitle "CBM 091"]
[Source "ChessBase"]
[SourceDate "2002.11.12"]
[SourceVersion "1"]
[SourceVersionDate "2002.11.12"]
[SourceQuality "1"]

1. e4 e6 2. d4 d5 3. Nd2 c5 4. exd5 Qxd5 5. Ngf3 cxd4 6. Bc4 Qd6 7. O-O Nf6 8.
Nb3 Nc6 9. Nbxd4 Nxd4 10. Nxd4 a6 11. c3 Qc7 12. Bb3 ({I have the feeling ,
that just after} 12. Qe2 $5 {White can hope for some advantage.}) 12... Bd6 13.
h3 (13. Kh1 O-O 14. Bg5 Ne4 15. Bh4 e5 16. Nc2 Nc5 17. Bd5 Bf5 18. Ne3 Bg6 19.
Nc4 Nd3 $11 {Rublevsky,S-Khalifman,A/EU-Cup Neum 2000/CBM 80/[Psakhis]/1/2-1/2
(46)}) 13... Bh2+ ({Black did well and after} 13... O-O {for example} 14. Bg5 (
14. Re1 e5 15. Nc2 h6 16. Ne3 Re8 17. Nc4 Bf8 18. Qf3 Be6 19. Ne3 e4 20. Qe2 g6
$11 {1/2-1/2 Korneev,O-Danielian,O/Moscow op 1998 (44)}) ({worth considering
rare} 14. Qf3 $5 {at least keeping bishops on the board.}) 14... Ne4 15. Be3
Bh2+ 16. Kh1 Bf4 17. Qf3 Bxe3 18. Qxe3 Nf6 19. f4 b5 20. Rae1 Re8 21. Qe5 Qxe5
22. Rxe5 Bb7 $11 {1/2-1/2 Tiviakov,S-Huebner,R/NED-GER Vehlo 2000/The Week in
Chess 303 (57)}) 14. Kh1 Bf4 15. Ba4+ $146 {Novelty, but not a good one, but
after the normal} (15. Qf3 Bxc1 16. Raxc1 O-O 17. Rcd1 Bd7 $13 {black's
position is not bad.} (17... e5 18. Nc2 Bd7 19. Nb4 Rad8 20. Qe3 Rfe8 21. Rfe1
Bc8 22. Nd5 Nxd5 23. Rxd5 $14 {1/2-1/2 Sorsak,J-Mokos,J/SVK-ch B16 1992 (44)}))
15... b5 (15... Bd7 16. Bxd7+ Nxd7 17. Qg4 Be5 $13) 16. Qf3 {Setting the board
on fire, but , maybe, modest} (16. Bc2 Bb7 $11 {was stronger}) 16... Bxc1 17.
Qxa8 O-O $1 {[%mdl 2048]} (17... Bxb2 $2 {lose after simple} 18. Bxb5+ axb5 19.
Nxb5 Qd7 20. Rab1 O-O 21. Rxb2 Bb7 22. Qa7 Qd3 23. Kg1 $18) 18. Qc6 ({Surely,
that Black hasn't any problems after} 18. Raxc1 Bb7 19. Qxf8+ Kxf8 $11 {
[%csl Gb7,Gc7]}) 18... Qxc6 19. Nxc6 Bxb2 20. Rab1 Bxc3 ({Another promising
possibility was} 20... Ba3 $5 21. Bc2 Bb7 $44 {[%csl Rc3][%cal Gf8c8,Gf6d5]})
21. Rbc1 b4 (21... Ne4 $5 22. Bc2 $140 Nd2 23. Rfd1 $2 Bb2 $1) 22. a3 $1 a5 $1
23. Rc2 ({Black pieces are very active after} 23. Nxa5 Ba6 24. axb4 Bxb4 25.
Nc4 Ne4 $36) 23... Bb7 ({Much weaker is} 23... Bd7 $6 24. Ne7+ Kh8 25. Bxd7
Nxd7 26. Nc6 Ra8 27. axb4 axb4 28. Rb1 $14 {and Black must fight for the draw.}
) 24. Nxa5 (24. axb4 axb4 25. Rb1 Bxc6 26. Bxc6 Rd8 $17) 24... Be4 25. Rcc1 Bd3
{Appetite comes with eating and Glek correctly avoids} (25... Ra8 $5 26. axb4
Bxb4 27. Bc6 (27. Nc6 Bd2) 27... Rxa5 28. Bxe4 Nxe4 29. Rc4 Nxf2+ 30. Rxf2 Ra1+
31. Kh2 Bd6+ 32. g3 Kf8 $15 {just with small advantage}) 26. Rfd1 (26. Rg1 Ne4)
26... Be2 ({Worth considering} 26... Ne4 $5 27. Kg1 Be2 28. axb4 Bxd1 29. Bc6
$1 Bxb4 30. Bxe4 Be2 {and I doubt that it will be easy for White to make draw.}
) 27. Rg1 Ne4 (27... Ra8 28. axb4 Bxb4 29. Nc6 Bd2 30. Ra1) 28. f3 Ng3+ $6 {
For some reasons Igor decided to finish game.After simple} (28... bxa3 $142 $1
29. fxe4 Bxa5 30. Ra1 Bb4 31. Rgb1 Bc5 $17 {black's advantage is obvious.}) (
28... Nf2+ 29. Kh2 Be5+ 30. g3 bxa3) 29. Kh2 Be5 30. axb4 Nf1+ {Knight made a
splendid career in this game.} 1/2-1/2

[Event "Ubeda op 5th"]
[Site "Ubeda"]
[Date "2000.01.26"]
[Round "8"]
[White "Salmensuu, Olli"]
[Black "Barsov, Alexei"]
[Result "0-1"]
[WhiteElo "2418"]
[BlackElo "2521"]
[Annotator "Psakhis,L"]
[PlyCount "52"]
[EventDate "2000.01.19"]
[EventType "swiss"]
[EventRounds "10"]
[EventCountry "ESP"]
[SourceTitle "CBM 075"]
[Source "ChessBase"]
[SourceDate "2000.04.05"]
[SourceVersion "1"]
[SourceVersionDate "2000.04.05"]
[SourceQuality "1"]

1. e4 e6 2. d4 d5 3. Nd2 c5 4. exd5 Qxd5 5. Ngf3 cxd4 6. Bc4 Qd6 7. Qe2 Nf6 8.
Nb3 Nc6 9. Bg5 a6 $1 {Much stronger than} (9... Be7 $6 10. O-O-O e5 11. Bb5 $1
{with strong initiative, for example} Nd7 12. Bxe7 Qxe7 13. h4 (13. Rhe1 $142)
13... O-O 14. Bxc6 bxc6 15. Nbxd4 c5 16. Qe4 $36 {1-0 Nadyrhanov,S-Kobylkin,E/
Krasnodar 1999 (31)}) 10. O-O-O b5 11. Bd3 Be7 ({In the case if Black pretend
just for a draw he can play} 11... Bb7 $5 12. Nbxd4 Nxd4 13. Nxd4 Qd5 $1 14.
Bxf6 gxf6 15. Nxb5 Qxa2 16. Nc7+ Ke7 17. Qh5 Bh6+ $1 18. Qxh6 Qa1+ 19. Kd2 Qa5+
$11 {1/2-1/2 Oral,T-Khuzman,A/EU t-ch Batumi 1999/ with moves repetition.}) 12.
Nfxd4 ({Just White can get troubles after} 12. Kb1 e5 (12... Bb7 $5 13. Nbxd4
Nxd4 14. Nxd4 O-O 15. Rhe1 Qxd4 16. Bxh7+ Nxh7 17. Rxd4 Bxg5 18. f4 Bf6 19.
Rdd1 g6 $13 {1/2-1/2 Sermek,D-Naumkin,I/Porto San Giorgio op 1999 (26)}) 13. h3
Be6 14. Rhe1 Rc8 $1 15. Bh4 (15. Nxe5 $2 Qxe5 16. Qxe5 Nxe5 17. Rxe5 Nd7 $1 $19
) 15... Nd7 16. Bg3 Bf6 17. Bh2 g6 18. Nfd2 Bg7 19. Ne4 Qe7 $17 {0-1 Spiegel,
S-Hartmann,W/RH-chB Mainz 1996 (44)}) 12... Nxd4 13. Nxd4 Qd5 $1 {[%mdl 4]} 14.
h4 ({Maybe} 14. Bxf6 Bxf6 15. Kb1 {is stronger than move in the text but black
can be also satisfied with opening results after} (15. Be4 $2 Qxa2 16. Bxa8
$140 $4 Bg5+ $19) 15... Qc5 16. Be4 Ra7 17. Bc6+ Kf8 18. Qe3 Kg8 19. Rd2 h5 20.
Be4 g6 21. Rhd1 Rc7 22. Qe2 Kg7 23. g3 h4 $15 {1/2-1/2 Dovliatov,S-Barsov,A/
Abudhabi Masters op 1999 (40)}) 14... Qxa2 15. Nb3 $146 {This is a new try,
but as this game shows, White has nothing to feat here} (15. c3 Bd7 16. Bb1 Qc4
17. Rd3 Rd8 18. Rhd1 h6 19. Bd2 Nd5 20. Qh5 g6 21. Qe5 Bf6 {also doesn't look
too promising for White 1/2-1/2 Stevenson,J-Bryson,D/SCO-ch Edinburgh 1999/
SCO-CH (36)}) 15... Bd7 16. Rh3 Rc8 {[%cal Ra2b3]} 17. Bf5 {What else possible
to advice to white} (17. Nd2 {looks just terrible}) 17... h6 $5 (17... exf5 {
was also enough for victory, but Barsov doesn't want to give any chances to
his opponent}) 18. Re3 {Typical act of desperation, White could easy resign
now.} (18. Bf4 exf5 (18... Qa4 $5) 19. Bd6 Be6 $19) 18... hxg5 19. Bxe6 (19.
hxg5 Nd5 20. Rxd5 Bxg5 $19) 19... Bxe6 20. Rxe6 (20. hxg5 Bxb3 21. Rxe7+ Kf8
22. gxf6 gxf6 $1 $19) 20... fxe6 21. Qxe6 Rc7 22. hxg5 Qa4 (22... Nd7 $5 23.
Re1 Nf8 $19) 23. Rd4 (23. gxf6 Qf4+ 24. Kb1 Qxf6 $19) 23... Rh1+ 24. Kd2 Rc4
25. Rd3 Qb4+ 26. c3 Qxb3 0-1

[Event "Moscow Aeroflot op"]
[Site "Moscow"]
[Date "2002.02.07"]
[Round "4"]
[White "Gagunashvili, Merab"]
[Black "Zvjaginsev, Vadim"]
[Result "0-1"]
[WhiteElo "2486"]
[BlackElo "2656"]
[Annotator "Psakhis,L"]
[PlyCount "62"]
[EventDate "2002.02.04"]
[EventType "swiss"]
[EventRounds "9"]
[EventCountry "RUS"]
[SourceTitle "CBM 088"]
[Source "ChessBase"]
[SourceDate "2002.03.21"]
[SourceVersion "1"]
[SourceVersionDate "2002.03.21"]
[SourceQuality "1"]

1. d4 e6 2. e4 d5 3. Nd2 c5 4. exd5 Qxd5 5. Ngf3 cxd4 6. Bc4 Qd6 7. O-O Nf6 8.
Nb3 Nc6 9. Nbxd4 Nxd4 10. Nxd4 a6 11. Re1 Bd7 12. b3 {To be honest, I don't
understand, why to make this move now after 11.Re1 was played already.After 11.
b3 black must play very well to equalize chances, now his task is much easy.} (
{White did quite well after} 12. c3 {for example} Qc7 13. Qe2 (13. Bb3 O-O-O
14. Qe2 Bd6 15. h3 Kb8 16. a4 h6 17. Be3 Rhe8 18. Nf3 Bc6 19. a5 Nd7 20. Nd4
$14 {1-0 Adams,M-Speelman,J/England ch-m 1991/ (32)}) 13... Bd6 14. h3 O-O 15.
Bg5 Bh2+ 16. Kh1 Bf4 17. Bxf6 gxf6 18. Bd3 f5 19. Qh5 Kh8 20. Nxf5 $1 exf5 21.
Re7 Qc6 22. Rxd7 $16 {1-0 Yemelin,V-Filippov,V/EUR-Cup Panormo 2001/ (48)})
12... O-O-O 13. Bb2 Qc7 14. Qe2 ({Worth considering} 14. Qf3 Bb4 15. Red1 e5
16. Ne2 Bg4 17. Qg3 Rxd1+ 18. Rxd1 Rd8 19. Rxd8+ Qxd8 20. Bd3 $14 {1-0
Miroshnichenko,E-Berelovich,A/UKR t-ch Alushta 1999 (37)}) 14... Bc5 $146 {
Interesting novelty.} ({In the case of} 14... Bd6 15. Nf3 Bc6 (15... h5 16. h3
Bc6 17. Ne5 Nd5 18. Nxc6 Qxc6 19. Qf3 Qc7 20. Bxd5 Bh2+ 21. Kh1 Rxd5 22. g3 $18
{Maidla,V-Laakso,H/Vantaa 1994/1-0 (41)}) 16. Ne5 Kb8 17. Nxc6+ Qxc6 18. Rad1
Bc7 19. a4 $14 {Kapranov-Kalichkin,I/Kaluga op 1996/Vaiser/0-1 (48) White
managed to get some advantage.}) (14... Bb4 $5 15. Red1 Bc5 16. a4 h5 {1/2-1/2
Yurtaev,L-Luther,T/Copenhagen 1991 (25)}) 15. Rad1 Rhe8 16. h3 $2 {[%mdl 8192]
Funny, but after this natural move White must desperately fight for survival!
Surely it was not easy to foresee black responce.} ({Correct} 16. Nf3 $1 {
leads after} Bc6 ({weaker is} 16... Ng4 {because of strong reply} 17. Be5 $1 (
17. Rf1 Bc6 18. Rxd8+ Rxd8 19. Ne5 Nxe5 20. Bxe5 Bd6 $11) 17... Nxe5 (17... Qb6
18. Bg3) 18. Nxe5 Re7 19. Qg4 $14) 17. Ne5 Be4 $13 {to complicated position/})
{[%tqu "En","Can you find best move for Black?","","","b7b5","",10]} 16... b5
$1 $17 {That's it! Unfortunately for white he can't escape from heavy material
losses.} 17. Qf3 (17. Bd3 e5 {[%cal Re5e4]}) (17. Nxb5 axb5 18. Bxb5 Bxf2+ $1
19. Qxf2 Bxb5 $19) ({Maybe} 17. Bxb5 $142 $1 axb5 18. Nxb5 Qb6 19. c4 $17 {
was the best chance}) 17... Bxd4 $1 18. Bxd4 ({Black task could be even easy
after} 18. Qa8+ Qb8 19. Qxa6+ Qb7 20. Qxb7+ Kxb7 21. Rxd4 bxc4 22. Rxc4 Bc6 $17
) 18... Bc6 19. Qe3 (19. Qc3 e5 $1 20. Bxe5 $140 Rxd1 21. Rxd1 Qxe5 $19) 19...
bxc4 20. Bb6 (20. bxc4 Bb7 {[%cal Gc7c6]}) 20... Rxd1 21. Bxc7 (21. Rxd1 {
meets tactical refutation -} Nd5 $1 22. Rxd5 exd5 $19) 21... Nd5 22. Qe2 Rxe1+
23. Qxe1 Nxc7 24. Qc3 {Queen+P is not enough for R+B+N, but black still must
play carefully} e5 ({It looks that} 24... f6 $5 $17 {was better move}) 25. Qxc4
Re6 26. Qc5 Rg6 27. g3 e4 28. Qf5+ Kb7 29. Qxf7 Rd6 {[%csl Rg1]} 30. Kf1 Rd7
31. Qf5 Nb5 {I suspect that some moves were missed, because after, for example}
(31... Nb5 32. Qc5 Rd1+ $5 33. Ke2 Rd5 34. Qe7+ Rd7 35. Qc5 Nd4+ 36. Ke3 $15 {
Black must hard try to win this game and surely it was not best time to resign}
) 0-1